|
|
|
|
| LEADER |
00912nam a2200229 a 4500 |
| 008 |
100524s2004 enkach 001 0 eng d |
| 020 |
|
|
|a 9780436205170 (hbk.)
|
| 020 |
|
|
|a 0436205173 (hbk.)
|
| 040 |
|
|
|a StDuBDS
|b eng
|c StDuBDS
|d Uk
|d BD-DhAAL
|
| 082 |
0 |
4 |
|a 111.85
|2 22
|
| 245 |
0 |
0 |
|a On beauty /
|c edited by Umberto Eco ; translated from the Italian by Alastair McEwen.
|
| 260 |
|
|
|a London :
|b Secker & Warburg,
|c 2004.
|
| 300 |
|
|
|a 438 p. :
|b ill. (chiefly col.), col. facsims., ports. (chiefly col.) ;
|c 25 cm.
|
| 504 |
|
|
|a Includes index.
|
| 541 |
1 |
|
|e 00020261
|
| 650 |
|
0 |
|a Aesthetics.
|
| 650 |
|
0 |
|a Art
|x Philosophy.
|
| 650 |
|
0 |
|a Beauty, Personal.
|
| 700 |
1 |
|
|a Eco, Umberto.
|
| 852 |
4 |
|
|a Ayesha Abed Library
|j General Shelf
|
| 999 |
|
|
|c 8695
|d 8695
|
| 952 |
|
|
|0 0
|1 4
|2 ddc
|4 0
|6 111_850000000000000_ONB
|7 0
|9 10464
|a BRACUL
|b BRACUL
|c GEN
|d 2010-05-24
|l 0
|o 111.85 ONB
|p 3010020261
|r 2010-05-24
|t 1
|w 2010-05-24
|y BK
|x Koha Inventory 2020
|